Pearson's administrative medical assisting : volume 1 : administrative competencies (Record no. 4691)

MARC details
000 -LEADER
fixed length control field 00778nam a22002297a 4500
003 - CONTROL NUMBER IDENTIFIER
control field OSt
005 - DATE AND TIME OF LATEST TRANSACTION
control field 20251008012617.0
008 - FIXED-LENGTH DATA ELEMENTS--GENERAL INFORMATION
fixed length control field 251008b |||||||| |||| 00| 0 eng d
020 ## - INTERNATIONAL STANDARD BOOK NUMBER
International Standard Book Number 0-13-220904-7
040 ## - CATALOGING SOURCE
Original cataloging agency DWCL-Admin lib
Transcribing agency OC
082 ## - DEWEY DECIMAL CLASSIFICATION NUMBER
Classification number Circ. 610.737 B366p 2007
100 ## - MAIN ENTRY--PERSONAL NAME
Personal name Beaman, Nina
245 ## - TITLE STATEMENT
Title Pearson's administrative medical assisting : volume 1 : administrative competencies
Statement of responsibility, etc. Nina Beaman
260 ## - PUBLICATION, DISTRIBUTION, ETC.
Place of publication, distribution, etc. N.J. :
Name of publisher, distributor, etc. Pearson Education , Inc. ,
Date of publication, distribution, etc. c2007
300 ## - PHYSICAL DESCRIPTION
Extent xviii (various paging) : ill.
Other physical details (some col.) ;
Dimensions 28 cm + 1CD-ROM
504 ## - BIBLIOGRAPHY, ETC. NOTE
Bibliography, etc. note Includes index.
650 ## - SUBJECT ADDED ENTRY--TOPICAL TERM
Topical term or geographic name entry element 1. Medical assstants.
650 ## - SUBJECT ADDED ENTRY--TOPICAL TERM
Topical term or geographic name entry element 2. Medical offices-Management
650 ## - SUBJECT ADDED ENTRY--TOPICAL TERM
Topical term or geographic name entry element 3. Medical secretaries.
700 ## - ADDED ENTRY--PERSONAL NAME
Personal name Fleming-Mcphillips, Lorraine
942 ## - ADDED ENTRY ELEMENTS (KOHA)
Source of classification or shelving scheme Dewey Decimal Classification
Koha item type Book Circulation
Call number prefix Circ.
Suppress in OPAC No
952 ## - LOCATION AND ITEM INFORMATION (KOHA)
--
Holdings
Withdrawn status Lost status Source of classification or shelving scheme Damaged status Not for loan Home library Current library Shelving location Date acquired Source of acquisition Cost, normal purchase price Total Checkouts Full call number Barcode Date last seen Copy number Price effective from Koha item type Uniform Resource Identifier
    Dewey Decimal Classification     HM & Nursing Library HM & Nursing Library Circulation 03/21/2011 School Fund 0.00   Circ. 610.737 B366p 2007 48240 10/08/2025 c1 10/08/2025 BK-CIRC